[Event "Usti nad Labem Chlumecky Rapid op"]
[Site "Usti nad Labem"]
[Date "2024.05.04"]
[Round "3"]
[White "Hadraba, Vladimir"]
[Black "Brejnik, Gustav"]
[Result "1-0"]
[WhiteElo "2009"]
[BlackElo "2282"]
[PlyCount "85"]
[EventDate "2024.05.04"]
[EventType "swiss (rapid)"]
[EventRounds "9"]
[EventCountry "CZE"]
[SourceTitle "CB20_2024"]
[SourceDate "2024.05.16"]
[SourceVersion "1"]
[SourceVersionDate "2024.05.16"]
[SourceQuality "1"]

1. e4 c6 2. d4 d5 3. exd5 cxd5 4. Bd3 Nf6 5. c3 Bg4 6. Nf3 e6 7. Bf4 Bd6 8. Bxd6 Qxd6 9. Nbd2 0-0 10. 0-0 Nc6 11. Re1 Qc7 12. Qe2 Rab8 13. h3 Bh5 14. Rac1 a6 15. Qe3 b5 16. Nb3 Rb6 17. Nc5 Na5 18. b3 Bxf3 19. Qxf3 Nb7 20. b4 Nd6 21. Qf4 Qb8 22. Qh4 Nc4 23. Nd7 h6 24. Nxb8 Rfxb8 25. Bxc4 bxc4 26. f4 Ne4 27. g4 a5 28. a3 axb4 29. axb4 Ra6 30. Ra1 Rxa1 31. Rxa1 Nxc3 32. f5 Ne2+ 33. Kf2 Nxd4 34. fxe6 Nxe6 35. Qe7 Ng5 36. h4 Ne4+ 37. Ke3 Nf6 38. Kd4 Nxg4 39. Ra7 Rf8 40. Rd7 Nf6 41. Rd8 Rxd8 42. Qxd8+ Kh7 43. b5 1-0

[Event "Usti nad Labem Chlumecky Rapid op"]
[Site "Usti nad Labem"]
[Date "2024.05.04"]
[Round "7"]
[White "Hadraba, Vladimir"]
[Black "Spirek, Adam"]
[Result "1/2-1/2"]
[WhiteElo "2009"]
[BlackElo "1974"]
[PlyCount "73"]
[EventDate "2024.05.04"]
[EventType "swiss (rapid)"]
[EventRounds "9"]
[EventCountry "CZE"]
[SourceTitle "CB20_2024"]
[SourceDate "2024.05.16"]
[SourceVersion "1"]
[SourceVersionDate "2024.05.16"]
[SourceQuality "1"]

1. e4 d5 2. exd5 Nf6 3. d4 Bg4 4. Nf3 Qxd5 5. Be2 Nc6 6. c3 0-0-0 7. h3 Qh5 8. Rg1 Bxf3 9. Bxf3 Qg6 10. Bxc6 bxc6 11. Qa4 Rd6 12. Be3 Nd5 13. Nd2 Nxe3 14. fxe3 Qg3+ 15. Kd1 Qxe3 16. Kc2 g6 17. Rge1 Qg5 18. Rad1 Qf5+ 19. Kc1 Bh6 20. Rxe7 Re6 21. Rxe6 Qxe6 22. Qxa7 Re8 23. Qa6+ Kd7 24. Kc2 Qd5 25. Qc4 Qxg2 26. Qxf7+ Re7 27. Qf3 Qh2 28. Qg4+ Kd6 29. Qg1 Qxg1 30. Rxg1 Re2 31. Rd1 Rh2 32. Kd3 Kd5 33. c4+ Ke6 34. Re1+ Kf5 35. Rf1+ Ke6 36. Re1+ Kf5 37. Rf1+ 1/2-1/2

[Event "Usti nad Labem Chlumecky Rapid op"]
[Site "Usti nad Labem"]
[Date "2024.05.04"]
[Round "5"]
[White "Hadraba, Vladimir"]
[Black "Vrana, Frantisek"]
[Result "1-0"]
[WhiteElo "2009"]
[BlackElo "2092"]
[PlyCount "85"]
[EventDate "2024.05.04"]
[EventType "swiss (rapid)"]
[EventRounds "9"]
[EventCountry "CZE"]
[SourceTitle "CB20_2024"]
[SourceDate "2024.05.16"]
[SourceVersion "1"]
[SourceVersionDate "2024.05.16"]
[SourceQuality "1"]

1. e4 e6 2. d4 d5 3. e5 c5 4. c3 Nc6 5. Nf3 Qb6 6. Be2 cxd4 7. cxd4 Nge7 8. Na3 Nf5 9. Nc2 Nb4 10. Ne3 Nxe3 11. Bxe3 Bd7 12. a3 Na6 13. 0-0 Bb5 14. Rc1 Bxe2 15. Qxe2 Be7 16. Bg5 h6 17. Bxe7 Kxe7 18. b4 Rhc8 19. h4 Rxc1 20. Rxc1 Rd8 21. Qd3 Nc7 22. Rc5 Ne8 23. Qc3 Rd7 24. a4 Qd8 25. a5 Rc7 26. b5 b6 27. axb6 axb6 28. Rc6 Qb8 29. Qb4+ Kd7 30. Qf8 Rxc6 31. Qxf7+ Kd8 32. bxc6 Qc8 33. c7+ Nxc7 34. Qxg7 Qa6 35. Qxh6 b5 36. Qf8+ Kd7 37. h5 Qb6 38. h6 b4 39. h7 b3 40. h8Q b2 41. Qh7+ Kc6 42. Qb1 Qb3 43. Qc5+ 1-0

[Event "Usti nad Labem Chlumecky Rapid op"]
[Site "Usti nad Labem"]
[Date "2024.05.04"]
[Round "8"]
[White "Jirovsky, Pavel"]
[Black "Hadraba, Vladimir"]
[Result "1/2-1/2"]
[WhiteElo "2124"]
[BlackElo "2009"]
[PlyCount "64"]
[EventDate "2024.05.04"]
[EventType "swiss (rapid)"]
[EventRounds "9"]
[EventCountry "CZE"]
[SourceTitle "CB20_2024"]
[SourceDate "2024.05.16"]
[SourceVersion "1"]
[SourceVersionDate "2024.05.16"]
[SourceQuality "1"]

1. d4 Nf6 2. Bg5 d5 3. Bxf6 exf6 4. e3 Bf5 5. Bd3 Bxd3 6. Qxd3 Qd7 7. Ne2 Bd6 8. 0-0 0-0 9. c4 c6 10. Nbc3 dxc4 11. Qxc4 Qe6 12. Qd3 f5 13. Ng3 Bxg3 14. hxg3 Nd7 15. b4 Nf6 16. Rfe1 a6 17. Rac1 Rad8 18. Rc2 Rfe8 19. Na4 Ne4 20. Nc5 Qe7 21. Qd1 g6 22. a3 Rd5 23. Nd3 Rd6 24. Qf3 Nf6 25. Ne5 Nd7 26. Nxd7 Qxd7 27. Rec1 Qe6 28. Rc5 Qb3 29. R5c3 Qe6 30. Rc5 Qb3 31. R5c3 Qe6 32. Qd1 h5 1/2-1/2

[Event "Usti nad Labem blitz op"]
[Site "Usti nad Labem"]
[Date "2023.05.07"]
[Round "9"]
[White "Hadraba, Vladimir"]
[Black "Chrz, Pavel"]
[Result "1-0"]
[WhiteElo "2131"]
[BlackElo "1861"]
[PlyCount "57"]
[EventDate "2023.05.07"]
[EventType "swiss (blitz)"]
[EventRounds "15"]
[EventCountry "CZE"]
[SourceTitle "CBM 214 Extra"]
[Source "ChessBase"]
[SourceDate "2023.07.31"]
[SourceVersion "1"]
[SourceVersionDate "2023.07.31"]
[SourceQuality "1"]

1. e4 e5 2. Nf3 d5 3. Nxe5 dxe4 4. d4 Bd6 5. Nc3 Nf6 6. Bg5 Bf5 7. Bc4 0-0 8. 0-0 Nc6 9. Nxc6 bxc6 10. Qe2 Re8 11. h3 h6 12. Bh4 Qd7 13. Bxf6 gxf6 14. Qh5 Kg7 15. Bxf7 Rf8 16. Bb3 Bg6 17. Qg4 f5 18. Qe2 f4 19. f3 e3 20. Rad1 Qe7 21. Bc4 Bf5 22. Bd3 Bd7 23. Ne4 Qh4 24. Qe1 Qh5 25. c4 Kh8 26. c5 Rg8 27. Kh2 Be7 28. Qc3 Bh4 29. d5+ 1-0

[Event "Usti nad Labem blitz op"]
[Site "Usti nad Labem"]
[Date "2023.05.07"]
[Round "2"]
[White "Hadraba, Vladimir"]
[Black "Lancaric, Tomas"]
[Result "1-0"]
[WhiteElo "2131"]
[BlackElo "1778"]
[PlyCount "67"]
[EventDate "2023.05.07"]
[EventType "swiss (blitz)"]
[EventRounds "15"]
[EventCountry "CZE"]
[SourceTitle "CBM 214 Extra"]
[Source "ChessBase"]
[SourceDate "2023.07.31"]
[SourceVersion "1"]
[SourceVersionDate "2023.07.31"]
[SourceQuality "1"]

1. e4 c6 2. d4 d5 3. exd5 cxd5 4. Bd3 Nf6 5. c3 Nc6 6. Bf4 e6 7. Nf3 Be7 8. 0-0 0-0 9. Nbd2 Bd7 10. h3 Rc8 11. Qe2 a6 12. Ne5 b5 13. Nxc6 Bxc6 14. Nf3 Ne4 15. Ne5 Bb7 16. Rac1 Bf6 17. a3 Nd6 18. Bg3 Nc4 19. Nxc4 bxc4 20. Bc2 g6 21. Be5 Bxe5 22. Qxe5 Bc6 23. f4 Rb8 24. Rb1 Qd7 25. g4 Ba4 26. Bxa4 Qxa4 27. f5 Qc2 28. fxe6 Rxb2 29. Rxb2 Qxb2 30. exf7+ Rxf7 31. Qe8+ Kg7 32. Qxf7+ Kh6 33. Qf4+ Kg7 34. g5 1-0

[Event "Usti nad Labem blitz op"]
[Site "Usti nad Labem"]
[Date "2023.05.07"]
[Round "1"]
[White "Mascak, Milan"]
[Black "Hadraba, Vladimir"]
[Result "0-1"]
[WhiteElo "1568"]
[BlackElo "2131"]
[PlyCount "39"]
[EventDate "2023.05.07"]
[EventType "swiss (blitz)"]
[EventRounds "15"]
[EventCountry "CZE"]
[SourceTitle "CBM 214 Extra"]
[Source "ChessBase"]
[SourceDate "2023.07.31"]
[SourceVersion "1"]
[SourceVersionDate "2023.07.31"]
[SourceQuality "1"]

1. Nf3 Nf6 2. Nc3 g6 3. b3 Bg7 4. Bb2 0-0 5. e3 c5 6. Be2 Nc6 7. h4 d5 8. d3 e5 9. Nd2 h5 10. Ba3 b6 11. Bf3 Be6 12. Ne2 Qd6 13. g4 hxg4 14. Bg2 Rad8 15. d4 exd4 16. Nxd4 Nxd4 17. exd4 Nh5 18. 0-0 Bxd4 19. Rb1 g3 20. Nf3 0-1

[Event "Usti nad Labem blitz op"]
[Site "Usti nad Labem"]
[Date "2023.05.07"]
[Round "15"]
[White "Masek, Daniel"]
[Black "Hadraba, Vladimir"]
[Result "1/2-1/2"]
[WhiteElo "1728"]
[BlackElo "2131"]
[PlyCount "46"]
[EventDate "2023.05.07"]
[EventType "swiss (blitz)"]
[EventRounds "15"]
[EventCountry "CZE"]
[SourceTitle "CBM 214 Extra"]
[Source "ChessBase"]
[SourceDate "2023.07.31"]
[SourceVersion "1"]
[SourceVersionDate "2023.07.31"]
[SourceQuality "1"]

1. d4 Nf6 2. Bg5 e6 3. e4 Be7 4. e5 Nd5 5. Bxe7 Qxe7 6. c4 Nb6 7. Nc3 d6 8. Nf3 Nc6 9. Be2 0-0 10. 0-0 Bd7 11. Re1 Rfd8 12. exd6 cxd6 13. d5 exd5 14. cxd5 Ne5 15. Nxe5 Qxe5 16. Bg4 Qg5 17. Bxd7 Rxd7 18. Qf3 Rf8 19. Re2 Nc4 20. Rae1 h6 21. Qh3 Rdd8 22. b3 Ne5 23. Qg3 Qxg3 1/2-1/2

[Event "Usti nad Labem blitz op"]
[Site "Usti nad Labem"]
[Date "2023.05.07"]
[Round "11"]
[White "Papay, Jindrich"]
[Black "Hadraba, Vladimir"]
[Result "1/2-1/2"]
[WhiteElo "1789"]
[BlackElo "2131"]
[PlyCount "71"]
[EventDate "2023.05.07"]
[EventType "swiss (blitz)"]
[EventRounds "15"]
[EventCountry "CZE"]
[SourceTitle "CBM 214 Extra"]
[Source "ChessBase"]
[SourceDate "2023.07.31"]
[SourceVersion "1"]
[SourceVersionDate "2023.07.31"]
[SourceQuality "1"]

1. f4 g6 2. Nf3 Bg7 3. g3 d6 4. Bg2 c5 5. 0-0 Nf6 6. c3 Nc6 7. d3 0-0 8. e4 Rb8 9. Nh4 Bd7 10. f5 b5 11. g4 b4 12. g5 Ne8 13. fxg6 hxg6 14. a3 a5 15. axb4 axb4 16. c4 Nd4 17. Nd2 Nc7 18. Ndf3 Nce6 19. Be3 Nxf3+ 20. Qxf3 Bxb2 21. Rab1 Bg7 22. Nf5 Nd4 23. Nxd4 cxd4 24. Bd2 b3 25. Rb2 Be6 26. Rfb1 Qb6 27. h4 Qc5 28. Rxb3 Rxb3 29. Rxb3 Ra8 30. Rb1 Ra2 31. Qd1 Qa3 32. Rb8+ Bf8 33. Bf4 Rb2 34. Rxb2 Qxb2 35. Qc1 Qxc1+ 36. Bxc1 1/2-1/2

[Event "Prague Menchik Memorial Rapid"]
[Site "Prague"]
[Date "2021.09.28"]
[Round "3"]
[White "Hadraba, Vladimir"]
[Black "Hollan, Martin"]
[Result "0-1"]
[WhiteElo "2100"]
[BlackElo "2356"]
[PlyCount "24"]
[EventDate "2021.09.28"]
[EventType "swiss (rapid)"]
[EventRounds "9"]
[EventCountry "CZE"]
[SourceTitle "CBM 204 Extra"]
[Source "ChessBase"]
[SourceDate "2021.11.30"]
[SourceVersion "1"]
[SourceVersionDate "2021.11.30"]
[SourceQuality "1"]

1. e4 e5 2. Nf3 Nc6 3. Bb5 a6 4. Ba4 Nf6 5. 0-0 Bc5 6. d3 b5 7. Bb3 d6 8. c3 0-0 9. h3 Ba7 10. a4 Bb7 11. Be3 Bxe3 12. fxe3 Ne7 0-1

[Event "Prague Menchik Memorial Rapid"]
[Site "Prague"]
[Date "2021.09.28"]
[Round "1"]
[White "Hadraba, Vladimir"]
[Black "Hozda, Max"]
[Result "1-0"]
[WhiteElo "2100"]
[BlackElo "1930"]
[PlyCount "63"]
[EventDate "2021.09.28"]
[EventType "swiss (rapid)"]
[EventRounds "9"]
[EventCountry "CZE"]
[SourceTitle "CBM 204 Extra"]
[Source "ChessBase"]
[SourceDate "2021.11.30"]
[SourceVersion "1"]
[SourceVersionDate "2021.11.30"]
[SourceQuality "1"]

1. e4 c6 2. d4 d5 3. exd5 cxd5 4. Bd3 Nc6 5. c3 Nf6 6. Bf4 e6 7. Nf3 Bd6 8. Bxd6 Qxd6 9. 0-0 0-0 10. Re1 Rb8 11. Nbd2 b5 12. a3 a5 13. b4 axb4 14. axb4 Nd7 15. Qe2 Qc7 16. Bxb5 Na7 17. Bd3 Nf6 18. Rec1 Bd7 19. Ne5 Bb5 20. Nb3 Bxd3 21. Qxd3 Nb5 22. Nc5 Rb6 23. Ra5 Nd6 24. f3 Rfb8 25. Na6 Qc8 26. Nxb8 Rxb8 27. Rca1 Nd7 28. Nxd7 Qxd7 29. Ra8 Qd8 30. Qa6 Nb5 31. Rxb8 Qxb8 32. Qxb5 1-0

[Event "Prague Menchik Memorial Rapid"]
[Site "Prague"]
[Date "2021.09.28"]
[Round "6"]
[White "Vit, Zdenek"]
[Black "Hadraba, Vladimir"]
[Result "0-1"]
[WhiteElo "1728"]
[BlackElo "2100"]
[PlyCount "122"]
[EventDate "2021.09.28"]
[EventType "swiss (rapid)"]
[EventRounds "9"]
[EventCountry "CZE"]
[SourceTitle "CBM 204 Extra"]
[Source "ChessBase"]
[SourceDate "2021.11.30"]
[SourceVersion "1"]
[SourceVersionDate "2021.11.30"]
[SourceQuality "1"]

1. e4 c5 2. Nf3 e6 3. d4 cxd4 4. Nxd4 a6 5. Be2 Nf6 6. Nc3 Bb4 7. Qd3 Nc6 8. Nxc6 bxc6 9. 0-0 d5 10. e5 Nd7 11. Qg3 Bf8 12. Rb1 Qc7 13. f4 g6 14. Be3 Bg7 15. Rfd1 0-0 16. Qf2 c5 17. Bf3 Rb8 18. Bd2 Nb6 19. b3 Bb7 20. a4 f5 21. a5 Nd7 22. Na4 Rfc8 23. Kh1 Bf8 24. h4 Bc6 25. Be2 c4 26. Be3 Qxa5 27. h5 Bxa4 28. bxa4 Bc5 29. hxg6 hxg6 30. Bxc5 Qxc5 31. Qg3 Nf8 32. Bh5 Qe7 33. Bf3 Kg7 34. Rxb8 Rxb8 35. Ra1 a5 36. Qf2 Rb4 37. g4 c3 38. gxf5 gxf5 39. Rg1+ Kh8 40. Qh2+ Qh7 41. Rg2 Rxf4 42. Qxh7+ Nxh7 43. Rf2 Ng5 44. Rh2+ Kg7 45. Rg2 Kg6 46. Be2 Rxa4 47. Rg3 f4 48. Rxc3 Kf5 49. Bb5 Ra1+ 50. Kg2 Kxe5 51. Rc8 a4 52. Ra8 a3 53. Bd7 Ne4 54. Kf3 Nc5 55. Bc8 a2 56. Kf2 Ke4 57. Ra5 e5 58. Rxc5 Rf1+ 59. Kxf1 a1Q+ 60. Kf2 Qa7 61. Bg4 Qxc5+ 0-1

[Event "CZE-chT2B 1920"]
[Site "Czech Republic"]
[Date "2020.06.28"]
[Round "11.2"]
[White "Hadraba, Vladimir"]
[Black "Slampa, Jan"]
[Result "1/2-1/2"]
[WhiteElo "2171"]
[BlackElo "2240"]
[PlyCount "67"]
[EventDate "2019.10.13"]
[EventType "team-tourn"]
[EventRounds "11"]
[EventCountry "CZE"]
[SourceTitle "EXT 2024"]
[Source "ChessBase"]
[SourceDate "2023.10.10"]
[SourceVersion "1"]
[SourceVersionDate "2023.10.10"]
[SourceQuality "1"]
[WhiteTeam "Teplice"]
[BlackTeam "Udlice"]
[WhiteTeamCountry "CZE"]
[BlackTeamCountry "CZE"]

1. e4 c5 2. Nf3 e6 3. d4 cxd4 4. Nxd4 Nc6 5. Be3 a6 6. Bd3 Nf6 7. Nc3 Ne5 8. f4 Nxd3+ 9. cxd3 d6 10. Nf3 b5 11. h3 Bb7 12. 0-0 Be7 13. a3 0-0 14. Qd2 Re8 15. Qf2 Qd7 16. Rac1 Bf8 17. Rc2 Rac8 18. Bd4 a5 19. Rfc1 Nh5 20. Ne2 Rxc2 21. Rxc2 Rc8 22. Rxc8 Qxc8 23. Qh4 g6 24. Bc3 b4 25. axb4 axb4 26. Bxb4 Qc2 27. Qd8 Nxf4 28. Nxf4 Qc1+ 29. Kf2 Qxf4 30. g3 Qc1 31. Bxd6 Qxb2+ 32. Kf1 Qc1+ 33. Ke2 Qc8 34. Qxc8 1/2-1/2

[Event "CZE-chT2B 1920"]
[Site "Czech Republic"]
[Date "2020.02.09"]
[Round "8.2"]
[White "Sprenar, Petr"]
[Black "Hadraba, Vladimir"]
[Result "1-0"]
[WhiteElo "2329"]
[BlackElo "2171"]
[PlyCount "73"]
[EventDate "2019.10.13"]
[EventType "team-tourn"]
[EventRounds "11"]
[EventCountry "CZE"]
[SourceTitle "EXT 2024"]
[Source "ChessBase"]
[SourceDate "2023.10.10"]
[SourceVersion "1"]
[SourceVersionDate "2023.10.10"]
[SourceQuality "1"]
[WhiteTeam "Karlovy Vary Tietz"]
[BlackTeam "Teplice"]
[WhiteTeamCountry "CZE"]
[BlackTeamCountry "CZE"]

1. d4 Nf6 2. c4 g6 3. g3 Bg7 4. Bg2 0-0 5. Nc3 d6 6. Nf3 c6 7. 0-0 Nbd7 8. e4 e5 9. h3 a6 10. Be3 Qe7 11. Qc2 b5 12. dxe5 dxe5 13. a3 Bb7 14. Nd2 Rac8 15. Nb3 bxc4 16. Na5 Ba8 17. Rfd1 c5 18. Nxc4 Rb8 19. Rd6 Ne8 20. Rxa6 Nc7 21. Ra7 Rb7 22. Rxb7 Bxb7 23. Nd5 Bxd5 24. exd5 Nb5 25. a4 Nd4 26. Qd1 f5 27. a5 f4 28. Bxd4 cxd4 29. gxf4 exf4 30. a6 Qc5 31. Qa4 f3 32. Qxd7 fxg2 33. Qe6+ Kh8 34. Ne5 Qa7 35. Nd3 Rf6 36. Qc8+ Bf8 37. d6 1-0

[Event "CZE-chT2B 1920"]
[Site "Czech Republic"]
[Date "2020.01.12"]
[Round "6.2"]
[White "Babicka, Michal"]
[Black "Hadraba, Vladimir"]
[Result "1/2-1/2"]
[WhiteElo "1993"]
[BlackElo "2171"]
[PlyCount "21"]
[EventDate "2019.10.13"]
[EventType "team-tourn"]
[EventRounds "11"]
[EventCountry "CZE"]
[SourceTitle "EXT 2024"]
[Source "ChessBase"]
[SourceDate "2023.10.10"]
[SourceVersion "1"]
[SourceVersionDate "2023.10.10"]
[SourceQuality "1"]
[WhiteTeam "Decin"]
[BlackTeam "Teplice"]
[WhiteTeamCountry "CZE"]
[BlackTeamCountry "CZE"]

1. e4 c5 2. Nf3 e6 3. g3 Nc6 4. Bg2 d6 5. 0-0 Nf6 6. Qe2 Be7 7. Rd1 e5 8. h3 0-0 9. c3 Qc7 10. d4 a6 11. Na3 1/2-1/2

[Event "CZE-chT2B 1920"]
[Site "Czech Republic"]
[Date "2019.12.15"]
[Round "5.1"]
[White "Hadraba, Vladimir"]
[Black "Neuman, Petr"]
[Result "0-1"]
[WhiteElo "2171"]
[BlackElo "2366"]
[PlyCount "112"]
[EventDate "2019.10.13"]
[EventType "team-tourn"]
[EventRounds "11"]
[EventCountry "CZE"]
[SourceTitle "EXT 2024"]
[Source "ChessBase"]
[SourceDate "2023.10.10"]
[SourceVersion "1"]
[SourceVersionDate "2023.10.10"]
[SourceQuality "1"]
[WhiteTeam "Teplice"]
[BlackTeam "Kolesovice Cesky Lev"]
[WhiteTeamCountry "CZE"]
[BlackTeamCountry "CZE"]

1. e4 c6 2. d4 d5 3. exd5 cxd5 4. Bd3 Nc6 5. c3 Nf6 6. Bf4 g6 7. Nf3 Bf5 8. 0-0 Bxd3 9. Qxd3 Bg7 10. Nbd2 0-0 11. Rfe1 Nh5 12. Be3 Qd6 13. Nf1 a6 14. Qd2 Na5 15. b3 Nc6 16. Bh6 Bxh6 17. Qxh6 f6 18. Rad1 b5 19. Ng3 Ng7 20. c4 bxc4 21. bxc4 Rfe8 22. h4 Nd8 23. cxd5 Qxd5 24. Ne4 Nf7 25. Qd2 Rad8 26. a3 Rc8 27. Qb4 Nf5 28. Qb6 Rc6 29. Qb7 Rd8 30. Ng3 Nxg3 31. Rxe7 Ne2+ 32. Rxe2 Rc1 33. Qxf7+ Kxf7 34. Rxc1 Rd7 35. Rc5 Qb7 36. Re3 h6 37. Rec3 g5 38. hxg5 hxg5 39. g4 Qe4 40. Rxg5 Qb1+ 41. Kg2 fxg5 42. Ne5+ Ke6 43. Nxd7 Qe4+ 44. Kf1 Kxd7 45. Rg3 Kd6 46. Kg1 Kd5 47. Kf1 a5 48. Kg1 Kxd4 49. Kf1 a4 50. Kg1 Qe2 51. Kg2 Ke4 52. Kg1 Kf4 53. Kg2 Qd1 54. Re3 Qxg4+ 55. Kf1 Qd1+ 56. Kg2 Qb3 0-1

[Event "CZE-chT2B 1920"]
[Site "Czech Republic"]
[Date "2019.10.13"]
[Round "1.2"]
[White "Smid, Pavel"]
[Black "Hadraba, Vladimir"]
[Result "0-1"]
[WhiteElo "2010"]
[BlackElo "2171"]
[PlyCount "134"]
[EventDate "2019.10.13"]
[EventType "team-tourn"]
[EventRounds "11"]
[EventCountry "CZE"]
[SourceTitle "EXT 2024"]
[Source "ChessBase"]
[SourceDate "2023.10.10"]
[SourceVersion "1"]
[SourceVersionDate "2023.10.10"]
[SourceQuality "1"]
[WhiteTeam "Usti nad Labem"]
[BlackTeam "Teplice"]
[WhiteTeamCountry "CZE"]
[BlackTeamCountry "CZE"]

1. d4 Nf6 2. Bg5 d5 3. Bxf6 exf6 4. g3 c6 5. Bg2 Bd6 6. e3 0-0 7. Ne2 Bf5 8. Nd2 Na6 9. a3 Qd7 10. c4 Bh3 11. 0-0 Bxg2 12. Kxg2 Nc7 13. b4 Rfe8 14. Nc3 Qf5 15. Qb3 h5 16. cxd5 cxd5 17. Qb1 Qe6 18. Nb3 b6 19. h4 f5 20. Qd3 Re7 21. Nd2 Ne8 22. Rac1 g6 23. Nf3 f6 24. Rfe1 Rd8 25. Ng1 Rg7 26. Nf3 Bb8 27. Ne2 Nd6 28. Nf4 Qf7 29. Qb3 Ne4 30. Rc6 Bxf4 31. exf4 Qb7 32. Rec1 Rdd7 33. b5 Kh7 34. a4 Rge7 35. Ne1 Nd2 36. Qd3 Nc4 37. Nc2 Rd6 38. Nb4 Re4 39. Nxd5 Rxd5 40. Qxc4 Rd7 41. Rd1 Qa8 42. f3 Re3 43. d5 Qe8 44. Kf2 Rde7 45. Rd2 Re1 46. Rc7 Rxc7 47. Qxc7+ Kh6 48. Qc3 Rh1 49. Rc2 Rh2+ 50. Kf1 Rh1+ 51. Kg2 Rd1 52. Qxf6 Rxd5 53. Kf2 Rd7 54. Re2 Qf7 55. Qe5 Kh7 56. g4 hxg4 57. fxg4 fxg4 58. h5 gxh5 59. f5 Rd5 60. Qc3 Rxf5+ 61. Kg2 Qd5+ 62. Kh2 Qd6+ 63. Kh1 Qd1+ 64. Re1 Rf1+ 65. Rxf1 Qxf1+ 66. Kh2 Qf2+ 67. Kh1 Qf3+ 0-1

[Event "CZE-chT2B 1819"]
[Site "Czech Republic"]
[Date "2019.01.27"]
[Round "7.2"]
[White "Hadraba, Vladimir"]
[Black "Musil, Miroslav"]
[Result "1-0"]
[WhiteElo "2149"]
[BlackElo "2053"]
[PlyCount "81"]
[EventDate "2018.10.14"]
[EventType "team-tourn"]
[EventRounds "11"]
[EventCountry "CZE"]
[SourceTitle "EXT 2022"]
[Source "ChessBase"]
[SourceDate "2021.10.06"]
[SourceVersion "1"]
[SourceVersionDate "2021.10.06"]
[SourceQuality "1"]
[WhiteTeam "Teplice"]
[BlackTeam "Karlovy Vary Tietz II"]
[WhiteTeamCountry "CZE"]
[BlackTeamCountry "CZE"]

1. e4 Nf6 2. e5 Nd5 3. d4 d6 4. Nf3 Bg4 5. Be2 e6 6. c4 Nb6 7. h3 Bh5 8. exd6 cxd6 9. Nc3 Be7 10. 0-0 0-0 11. Be3 N8d7 12. b3 f5 13. Nh2 Bg6 14. f4 Nf6 15. Qd2 d5 16. c5 Nbd7 17. Nf3 h6 18. Rac1 Rc8 19. b4 Ne4 20. Nxe4 fxe4 21. Ne5 Nxe5 22. fxe5 Rxf1+ 23. Rxf1 Qd7 24. b5 b6 25. c6 Qe8 26. Bg4 Bf7 27. a4 Bf8 28. a5 Bh5 29. axb6 axb6 30. Qe2 Bxg4 31. Qxg4 Kh7 32. Ra1 Qf7 33. Qf4 Qc7 34. Rf1 Qe7 35. Qf7 Qa3 36. Bxh6 Qd3 37. Qxe6 Qxd4+ 38. Kh1 Ra8 39. Bg5 Bc5 40. Qf5+ Kg8 41. c7 1-0

[Event "Klatovy op-A 24th"]
[Site "Klatovy"]
[Date "2018.07.07"]
[Round "8"]
[White "Hadraba, Vladimir"]
[Black "Krutsky, Martin"]
[Result "1/2-1/2"]
[WhiteElo "2192"]
[BlackElo "2123"]
[PlyCount "49"]
[EventDate "2018.06.30"]
[EventType "swiss"]
[EventRounds "9"]
[EventCountry "CZE"]
[SourceTitle "EXT 2019"]
[Source "ChessBase"]
[SourceDate "2018.10.10"]
[SourceVersion "1"]
[SourceVersionDate "2018.10.10"]
[SourceQuality "1"]

1. d4 Nf6 2. c4 g6 3. Nc3 Bg7 4. e4 d6 5. f3 0-0 6. Be3 e5 7. d5 Nh5 8. Nge2 f5 9. Qd2 a6 10. 0-0-0 b5 11. c5 b4 12. Na4 a5 13. h3 fxe4 14. fxe4 Ba6 15. Qc2 Bxe2 16. Bxe2 Ng3 17. Rhe1 h5 18. Bf3 Na6 19. b3 Kh7 20. Qd2 Qe7 21. c6 Rf7 22. Kc2 Qf8 23. Kd3 Re8 24. Bg5 Rf4 25. Re3 1/2-1/2

[Event "Klatovy op-A 24th"]
[Site "Klatovy"]
[Date "2018.07.04"]
[Round "5"]
[White "Kostelecky, Daniel"]
[Black "Hadraba, Vladimir"]
[Result "1/2-1/2"]
[WhiteElo "1953"]
[BlackElo "2192"]
[PlyCount "91"]
[EventDate "2018.06.30"]
[EventType "swiss"]
[EventRounds "9"]
[EventCountry "CZE"]
[SourceTitle "CBM 185 Extra"]
[Source "ChessBase"]
[SourceDate "2018.07.29"]
[SourceVersion "1"]
[SourceVersionDate "2018.07.29"]
[SourceQuality "1"]

1. e4 c5 2. Nf3 e6 3. d4 cxd4 4. Nxd4 a6 5. c4 Nf6 6. Nc3 Qc7 7. a3 Be7 8. Be3 d6 9. Be2 b6 10. f3 Nbd7 11. 0-0 0-0 12. Rc1 Bb7 13. Qd2 Rac8 14. b4 Qb8 15. Kh1 Ne5 16. Na4 Bd8 17. Rc2 Nxc4 18. Bxc4 b5 19. Nxe6 Rxc4 20. Nxf8 Rxc2 21. Qxc2 bxa4 22. Nxh7 Nxh7 23. Bf4 Bg5 24. Bg3 Nf6 25. Rd1 Ne8 26. Qxa4 Be7 27. Qd7 Kf8 28. Rc1 Qa8 29. Qf5 Qa7 30. Re1 Bc6 31. e5 dxe5 32. Bxe5 Qd7 33. Qh7 f6 34. Bc3 Qd5 35. Qc2 Qd7 36. Qe2 Bb5 37. Qf2 Bd6 38. Bd4 Kg8 39. Qe3 Qf7 40. Bc5 Be5 41. f4 Bc7 42. Qd4 Bc6 43. Kg1 Qa2 44. Qf2 Qc4 45. g3 Qd5 46. Kf1 1/2-1/2

[Event "Klatovy op-A 24th"]
[Site "Klatovy"]
[Date "2018.07.02"]
[Round "3"]
[White "Stolc, Martin"]
[Black "Hadraba, Vladimir"]
[Result "1/2-1/2"]
[WhiteElo "2043"]
[BlackElo "2192"]
[PlyCount "45"]
[EventDate "2018.06.30"]
[EventType "swiss"]
[EventRounds "9"]
[EventCountry "CZE"]
[SourceTitle "CBM 185 Extra"]
[Source "ChessBase"]
[SourceDate "2018.07.29"]
[SourceVersion "1"]
[SourceVersionDate "2018.07.29"]
[SourceQuality "1"]

1. e4 c5 2. f4 e6 3. Nf3 Nc6 4. Bb5 Nge7 5. 0-0 a6 6. Bxc6 Nxc6 7. c4 d5 8. d3 Be7 9. Nc3 d4 10. Ne2 f5 11. Ng3 0-0 12. Bd2 Bd7 13. Qe2 Qc7 14. Rae1 Rae8 15. a3 h6 16. Nh1 Bd6 17. e5 Be7 18. Nf2 Nd8 19. b4 b6 20. Rb1 Bc6 21. Rb2 Nf7 22. Nh3 Rb8 23. Rfb1 1/2-1/2

[Event "Klatovy op-A 24th"]
[Site "Klatovy"]
[Date "2018.06.30"]
[Round "1"]
[White "Cecil, Pavel"]
[Black "Hadraba, Vladimir"]
[Result "0-1"]
[WhiteElo "1924"]
[BlackElo "2192"]
[PlyCount "46"]
[EventDate "2018.06.30"]
[EventType "swiss"]
[EventRounds "9"]
[EventCountry "CZE"]
[SourceTitle "CBM 185 Extra"]
[Source "ChessBase"]
[SourceDate "2018.07.29"]
[SourceVersion "1"]
[SourceVersionDate "2018.07.29"]
[SourceQuality "1"]

1. d4 Nf6 2. Nf3 g6 3. g3 Bg7 4. Bg2 0-0 5. 0-0 d6 6. c3 Nbd7 7. Qc2 c5 8. Rd1 Qc7 9. e4 cxd4 10. Nxd4 a6 11. Qe2 Nc5 12. Nd2 Bg4 13. f3 Bd7 14. Bf1 Rfe8 15. N2b3 Rad8 16. Be3 Na4 17. Rab1 d5 18. exd5 Nxd5 19. Bf2 e5 20. Nc2 Bf5 21. Rxd5 Rxd5 22. Ne3 Bxb1 23. Nxd5 Qd8 0-1